Anatomy of an Epidemic

محفوظ في:
التفاصيل البيبلوغرافية
المؤلف الرئيسي: Thomas, Gordon
مؤلفون آخرون: Witts, Max Morgan
التنسيق: كتاب
اللغة:الإنجليزية
منشور في: Book Sales 1984
الوسوم: إضافة وسم
لا توجد وسوم, كن أول من يضع وسما على هذه التسجيلة!

MARC

LEADER 00000nam a2200000 4500
005 20240918182225.0
008 240731b |||||||| |||| 00| 0 eng d
020 |a 978-0385143714 
040 |c GP 
100 |a Thomas, Gordon 
245 |a Anatomy of an Epidemic 
260 |b Book Sales  |c 1984 
700 |a Witts, Max Morgan 
942 |2 ddc  |c BK  |n 0 
952 |0 0  |1 0  |2 ddc  |4 0  |6 810_000000000000000_THO  |7 1  |9 1757  |a RM  |b RM  |d 2024-07-31  |l 0  |o 810 THO  |p 571  |r 2024-07-31 19:13:13  |w 2024-07-31  |y BK 
999 |c 1573  |d 1573